[Event "DEM U16w 2023"]
[Site "Willingen GER"]
[Date "2023.05.29"]
[Round "3"]
[White "Peglau, Dora"]
[Black "Sereda, Yaroslava"]
[Result "1-0"]
[Termination "normal"]
[Board "1"]
[WhiteElo "2002"]
[BlackElo "1890"]
[WhiteClock "00:27:00"]
[BlackClock "00:01:48"]
[PlyCount "81"]
[WhiteFideId "16220005"]
[BlackFideId "14178940"]
[EventCountry "GER"]
[EventRounds "9"]
[EventType "swiss"]
[EventDate "2023.05.27"]

1. c4 {[%clk 01:30:57]} {[%emt 00:00:05]} Nf6 {[%clk 01:30:42]} {[%emt
00:00:29]} 2. g3 {[%clk 01:31:12]} {[%emt 00:00:22]} e6 {[%clk 01:29:43]}
{[%emt 00:01:09]} 3. Bg2 {[%clk 01:31:13]} {[%emt 00:00:29]} d5 {[%clk
01:28:56]} {[%emt 00:01:18]} 4. d4 {[%clk 01:30:00]} {[%emt 00:01:43]} Be7
{[%clk 01:28:45]} {[%emt 00:00:41]} 5. Nf3 {[%clk 01:29:49]} {[%emt 00:00:41]}
O-O {[%clk 01:28:22]} {[%emt 00:00:54]} 6. O-O {[%clk 01:28:49]} {[%emt
00:01:30]} c6 {[%clk 01:27:17]} {[%emt 00:01:35]} 7. Qc2 {[%clk 01:28:41]}
{[%emt 00:00:37]} b6 {[%clk 01:26:17]} {[%emt 00:01:32]} 8. Rd1 {[%clk
01:26:11]} {[%emt 00:02:59]} Bb7 {[%clk 01:16:40]} {[%emt 00:10:07]} 9. b3
{[%clk 01:25:27]} {[%emt 00:01:14]} Nbd7 {[%clk 01:10:07]} {[%emt 00:07:03]}
10. Nc3 {[%clk 01:22:47]} {[%emt 00:03:10]} Ba6 {[%clk 01:03:14]} {[%emt
00:07:23]} 11. Ne5 {[%clk 01:12:42]} {[%emt 00:10:35]} Nxe5 {[%clk 00:54:57]}
{[%emt 00:08:48]} 12. dxe5 {[%clk 01:13:06]} {[%emt 00:00:05]} Nd7 {[%clk
00:54:54]} {[%emt 00:00:33]} 13. cxd5 {[%clk 01:02:54]} {[%emt 00:10:42]} cxd5
{[%clk 00:49:50]} {[%emt 00:05:34]} 14. e4 {[%clk 01:02:55]} {[%emt 00:00:28]}
Qc7 {[%clk 00:45:22]} {[%emt 00:04:59]} 15. exd5 {[%clk 00:59:43]} {[%emt
00:03:43]} exd5 {[%clk 00:44:56]} {[%emt 00:00:55]} 16. Qb2 {[%clk 00:48:08]}
{[%emt 00:12:04]} Bb7 {[%clk 00:17:52]} {[%emt 00:27:34]} 17. Nxd5 {[%clk
00:44:58]} {[%emt 00:03:40]} Bxd5 {[%clk 00:18:11]} {[%emt 00:00:13]} 18. Bxd5
{[%clk 00:45:06]} {[%emt 00:00:21]} Rad8 {[%clk 00:17:09]} {[%emt 00:01:32]}
19. Bf4 {[%clk 00:32:53]} g5 {[%clk 00:09:32]} {[%emt 00:20:50]} 20. Rac1
{[%emt 00:04:21]} Qb8 21. e6 {[%clk 00:29:58]} {[%emt 00:00:23]} gxf4 {[%clk
00:07:26]} {[%emt 00:02:17]} 22. exd7 {[%clk 00:28:26]} {[%emt 00:02:02]} fxg3
{[%clk 00:06:47]} {[%emt 00:01:09]} 23. hxg3 {[%clk 00:28:44]} {[%emt
00:00:11]} Bg5 {[%clk 00:05:38]} {[%emt 00:01:40]} 24. Rc4 {[%clk 00:22:11]}
{[%emt 00:07:03]} h6 {[%clk 00:00:47]} {[%emt 00:05:21]} 25. Rg4 {[%clk
00:07:28]} {[%emt 00:15:12]} Kh7 {[%clk 00:01:00]} {[%emt 00:00:17]} 26. Kg2
{[%clk 00:03:40]} {[%emt 00:04:18]} f5 {[%clk 00:00:53]} {[%emt 00:00:37]} 27.
Qc2 {[%clk 00:03:22]} {[%emt 00:00:48]} Kg7 {[%clk 00:00:47]} {[%emt 00:00:36]}
28. Qc3+ {[%clk 00:03:03]} {[%emt 00:00:49]} Rf6 {[%clk 00:00:45]} {[%emt
00:00:31]} 29. Rc4 {[%clk 00:02:14]} {[%emt 00:01:19]} Rxd7 {[%clk 00:00:46]}
{[%emt 00:00:29]} 30. Rc8 {[%clk 00:02:00]} {[%emt 00:00:45]} Qd6 {[%clk
00:00:48]} {[%emt 00:00:28]} 31. Rg8+ {[%clk 00:00:55]} {[%emt 00:01:34]} Kh7
{[%clk 00:01:13]} {[%emt 00:00:05]} 32. Qc8 {[%clk 00:00:51]} {[%emt 00:00:34]}
Qe7 {[%clk 00:00:36]} {[%emt 00:01:07]} 33. Rh8+ {[%clk 00:00:52]} {[%emt
00:00:30]} Kg6 {[%clk 00:01:03]} {[%emt 00:00:03]} 34. Rg8+ {[%clk 00:00:42]}
{[%emt 00:00:40]} Kh7 {[%clk 00:01:30]} {[%emt 00:00:03]} 35. Rh8+ {[%clk
00:00:36]} {[%emt 00:00:36]} Kg6 {[%clk 00:01:58]} {[%emt 00:00:02]} 36. Qg8+
{[%clk 00:00:33]} {[%emt 00:00:33]} Qg7 {[%clk 00:02:14]} {[%emt 00:00:14]} 37.
Qe8+ {[%clk 00:00:48]} {[%emt 00:00:14]} Rdf7 {[%clk 00:01:12]} {[%emt
00:01:33]} 38. Rg8 {[%clk 00:00:41]} {[%emt 00:00:36]} Qxg8 {[%emt 00:00:39]}
39. Qxg8+ {[%clk 00:00:58]} {[%emt 00:00:12]} Rg7 {[%clk 00:01:28]} {[%emt
00:00:07]} 40. Qe8+ {[%clk 00:01:08]} {[%emt 00:00:20]} Kh7 {[%clk 00:01:48]}
{[%emt 00:00:10]} 41. Be6 {[%clk 00:27:00]} {[%emt 00:04:39]} 1-0

[Event "DEM U16w 2023"]
[Site "Willingen GER"]
[Date "2023.05.29"]
[Round "3"]
[White "Trunz, Michelle"]
[Black "Bräutigam, Katerina"]
[Result "1-0"]
[Termination "normal"]
[Board "2"]
[WhiteElo "1972"]
[BlackElo "1956"]
[WhiteClock "00:27:29"]
[BlackClock "00:00:55"]
[PlyCount "81"]
[WhiteFideId "16227980"]
[BlackFideId "16242980"]
[EventCountry "GER"]
[EventRounds "9"]
[EventType "swiss"]
[EventDate "2023.05.27"]

1. d4 {[%clk 01:30:59]} {[%emt 00:00:01]} Nf6 {[%clk 01:30:56]} {[%emt
00:00:07]} 2. c4 {[%clk 01:31:24]} {[%emt 00:00:07]} c5 {[%clk 01:31:22]}
{[%emt 00:00:06]} 3. d5 {[%clk 01:31:49]} {[%emt 00:00:08]} b5 {[%clk
01:31:48]} {[%emt 00:00:08]} 4. cxb5 {[%clk 01:32:11]} {[%emt 00:00:13]} a6
{[%clk 01:32:13]} {[%emt 00:00:06]} 5. bxa6 {[%clk 01:32:36]} {[%emt 00:00:07]}
g6 {[%clk 01:32:36]} {[%emt 00:00:08]} 6. Nc3 {[%clk 01:32:56]} {[%emt
00:00:10]} Bg7 {[%clk 01:32:55]} {[%emt 00:00:06]} 7. e4 {[%clk 01:33:15]}
{[%emt 00:00:09]} O-O {[%clk 01:33:18]} {[%emt 00:00:05]} 8. a7 {[%clk
01:33:42]} {[%emt 00:00:02]} Rxa7 {[%clk 01:33:01]} {[%emt 00:00:32]} 9. Nf3
{[%clk 01:32:58]} {[%emt 00:01:13]} d6 {[%clk 01:30:00]} {[%emt 00:03:31]} 10.
Be2 {[%clk 01:32:39]} {[%emt 00:00:50]} Bg4 {[%clk 01:29:27]} {[%emt 00:01:03]}
11. O-O {[%clk 01:31:05]} {[%emt 00:02:04]} Nbd7 {[%clk 01:28:38]} {[%emt
00:01:18]} 12. Be3 {[%clk 01:28:47]} {[%emt 00:02:48]} Qb6 {[%clk 01:27:08]}
{[%emt 00:02:01]} 13. Rb1 {[%clk 01:28:04]} {[%emt 00:01:13]} Rb8 {[%clk
01:12:57]} {[%emt 00:14:40]} 14. b4 {[%clk 01:20:01]} {[%emt 00:08:33]} Bxf3
{[%clk 01:06:16]} {[%emt 00:07:10]} 15. Bxf3 {[%clk 01:18:40]} {[%emt
00:01:52]} Ra3 {[%clk 00:36:02]} {[%emt 00:30:44]} 16. bxc5 {[%clk 01:04:29]}
{[%emt 00:14:41]} Qd8 {[%clk 00:22:24]} {[%emt 00:14:08]} 17. Qc1 {[%clk
00:48:31]} {[%emt 00:16:28]} Rxb1 {[%clk 00:13:42]} {[%emt 00:09:12]} 18. Qxa3
{[%clk 00:48:00]} {[%emt 00:01:01]} Rxf1+ {[%clk 00:13:34]} {[%emt 00:00:38]}
19. Kxf1 {[%clk 00:48:25]} {[%emt 00:00:06]} dxc5 {[%clk 00:13:30]} {[%emt
00:00:33]} 20. Bxc5 {[%clk 00:47:27]} {[%emt 00:01:27]} Nxc5 {[%clk 00:12:15]}
{[%emt 00:01:45]} 21. Qxc5 {[%clk 00:47:46]} {[%emt 00:00:12]} Nd7 {[%clk
00:11:15]} {[%emt 00:01:30]} 22. Qb4 {[%clk 00:45:11]} {[%emt 00:03:06]} Qc7
{[%clk 00:07:15]} {[%emt 00:04:29]} 23. Nd1 {[%clk 00:39:01]} {[%emt 00:06:40]}
Bf8 {[%clk 00:03:56]} {[%emt 00:03:49]} 24. Qb5 {[%clk 00:36:21]} {[%emt
00:03:10]} Ne5 {[%clk 00:03:36]} {[%emt 00:00:50]} 25. Be2 {[%clk 00:35:05]}
{[%emt 00:01:47]} Qc2 {[%clk 00:02:09]} {[%emt 00:01:57]} 26. f4 {[%clk
00:30:31]} {[%emt 00:05:04]} Qxe4 {[%clk 00:00:44]} {[%emt 00:01:55]} 27. fxe5
{[%clk 00:30:33]} {[%emt 00:00:27]} Qxe5 {[%clk 00:01:02]} {[%emt 00:00:13]}
28. g3 {[%clk 00:29:25]} {[%emt 00:01:38]} Qf5+ {[%clk 00:00:47]} {[%emt
00:00:45]} 29. Kg2 {[%clk 00:28:01]} h5 {[%clk 00:00:55]} {[%emt 00:02:16]} 30.
Qd3 {[%clk 00:27:29]} Qf6 {[%clk 00:00:55]} 31. a4 {[%clk 00:27:29]} Qb6 {[%clk
00:00:55]} 32. Qb5 {[%clk 00:27:29]} Qd4 {[%clk 00:00:55]} 33. a5 {[%clk
00:27:29]} g5 {[%clk 00:00:55]} 34. a6 {[%clk 00:27:29]} g4 {[%clk 00:00:55]}
35. Qd3 {[%clk 00:27:29]} Qc5 {[%clk 00:00:55]} 36. Qc4 {[%clk 00:27:29]} Qb6
{[%clk 00:00:55]} 37. Qe4 {[%clk 00:27:29]} Qc5 {[%clk 00:00:55]} 38. Ne3
{[%clk 00:27:29]} Bh6 {[%clk 00:00:55]} 39. Nf5 {[%clk 00:27:29]} Bg5 {[%clk
00:00:55]} 40. Qc4 {[%clk 00:27:29]} Qxc4 {[%clk 00:00:55]} 41. Bxc4 {[%clk
00:27:29]} 1-0

[Event "DEM U16w 2023"]
[Site "Willingen GER"]
[Date "2023.05.29"]
[Round "3"]
[White "Hubert, Charlotte"]
[Black "Stepanjan, Marianne"]
[Result "1/2-1/2"]
[Termination "normal"]
[Board "3"]
[WhiteElo "1842"]
[BlackElo "1465"]
[PlyCount "66"]
[WhiteFideId "16265920"]
[BlackFideId "16246110"]
[EventCountry "GER"]
[EventRounds "9"]
[EventType "swiss"]
[EventDate "2023.05.27"]

1. e4 {[%emt 01:23:15]} c5 {[%emt 00:00:08]} 2. Nf3 {[%emt 00:00:12]} d6 {[%emt
00:00:08]} 3. d4 {[%emt 00:00:09]} cxd4 {[%emt 00:00:06]} 4. Nxd4 {[%emt
00:00:08]} Nf6 {[%emt 00:00:07]} 5. Nc3 {[%emt 00:00:09]} a6 {[%emt 00:00:06]}
6. h3 {[%emt 00:00:08]} e5 {[%emt 00:00:21]} 7. Nde2 {[%emt 00:00:06]} Be6
{[%emt 00:00:27]} 8. g4 {[%emt 00:00:08]} h6 {[%emt 00:23:28]} 9. Bg2 {[%emt
00:01:51]} Be7 {[%emt 00:00:46]} 10. Ng3 {[%emt 00:04:46]} g6 {[%emt 00:03:04]}
11. Be3 {[%emt 00:07:48]} Nc6 {[%emt 00:03:55]} 12. Nd5 {[%emt 00:12:19]} Bxd5
{[%emt 00:05:33]} 13. exd5 {[%emt 00:00:07]} Na5 {[%emt 00:11:17]} 14. b3
{[%emt 00:06:13]} b5 {[%emt 00:03:21]} 15. O-O {[%emt 00:06:11]} Nb7 {[%emt
00:08:10]} 16. f4 {[%emt 00:06:45]} Rc8 {[%emt 00:04:09]} 17. Qe2 {[%emt
00:07:35]} Rc3 {[%emt 00:04:26]} 18. Rad1 {[%emt 00:19:37]} Qc7 {[%emt
00:05:43]} 19. Rd2 {[%emt 00:01:07]} Kd7 {[%emt 00:07:00]} 20. g5 {[%emt
00:10:38]} Nh5 {[%emt 00:07:59]} 21. Ne4 {[%emt 00:04:29]} Rxe3 {[%emt
00:04:33]} 22. Qxe3 {[%emt 00:00:14]} exf4 {[%emt 00:00:22]} 23. Qd4 {[%emt
00:01:29]} Re8 {[%emt 00:01:04]} 24. h4 {[%emt 00:05:00]} hxg5 {[%emt
00:00:14]} 25. hxg5 {[%emt 00:00:20]} Nc5 {[%emt 00:01:15]} 26. Nxc5+ {[%emt
00:02:40]} dxc5 {[%emt 00:01:30]} 27. Bh3+ {[%emt 00:00:10]} Kd8 {[%emt
00:00:03]} 28. d6 {[%emt 00:02:27]} cxd4 {[%emt 00:00:38]} 29. dxc7+ {[%emt
00:00:03]} Kxc7 {[%emt 00:00:06]} 30. Re1 {[%emt 00:00:56]} Ng7 {[%emt
00:01:28]} 31. Kg2 {[%emt 00:00:51]} Bxg5 {[%emt 00:00:42]} 32. Rxe8 {[%emt
00:00:14]} Nxe8 {[%emt 00:00:58]} 33. Rxd4 {[%emt 00:00:14]} Nd6 {[%emt
00:00:40]} 1/2-1/2

[Event "DEM U16w 2023"]
[Site "Willingen GER"]
[Date "2023.05.29"]
[Round "3"]
[White "Fischer, Darja"]
[Black "Voigt, Anastasia"]
[Result "1/2-1/2"]
[Termination "normal"]
[Board "4"]
[WhiteElo "1847"]
[BlackElo "1821"]
[WhiteClock "00:11:39"]
[BlackClock "00:08:04"]
[PlyCount "120"]
[WhiteFideId "16240898"]
[BlackFideId "16235223"]
[EventCountry "GER"]
[EventRounds "9"]
[EventType "swiss"]
[EventDate "2023.05.27"]

1. d4 {[%clk 01:30:58]} {[%emt 00:00:03]} Nf6 {[%clk 01:30:50]} {[%emt
00:00:15]} 2. c4 {[%clk 01:31:24]} {[%emt 00:00:09]} e6 {[%clk 01:31:17]}
{[%emt 00:00:05]} 3. Nf3 {[%clk 01:31:49]} {[%emt 00:00:08]} d5 {[%clk
01:31:07]} {[%emt 00:00:46]} 4. Nc3 {[%clk 01:32:03]} {[%emt 00:00:12]} Be7
{[%clk 01:30:28]} {[%emt 00:00:52]} 5. Bg5 {[%clk 01:32:16]} {[%emt 00:00:16]}
Nbd7 {[%clk 01:29:53]} {[%emt 00:01:05]} 6. cxd5 {[%clk 01:32:25]} {[%emt
00:00:21]} exd5 {[%clk 01:30:17]} {[%emt 00:00:05]} 7. e3 {[%clk 01:32:48]}
{[%emt 00:00:07]} c6 {[%clk 01:30:44]} {[%emt 00:00:03]} 8. Bd3 {[%clk
01:32:37]} {[%emt 00:00:41]} O-O {[%clk 01:31:06]} {[%emt 00:00:09]} 9. Qc2
{[%clk 01:32:51]} {[%emt 00:00:15]} Re8 {[%clk 01:31:06]} {[%emt 00:00:29]} 10.
O-O {[%clk 01:33:09]} {[%emt 00:00:13]} Nf8 {[%clk 01:31:00]} {[%emt 00:00:36]}
11. Rab1 {[%clk 01:33:17]} {[%emt 00:00:23]} Ne4 {[%clk 01:30:29]} {[%emt
00:01:00]} 12. Bxe7 {[%clk 01:33:39]} {[%emt 00:00:09]} Qxe7 {[%clk 01:30:51]}
{[%emt 00:00:07]} 13. b4 {[%clk 01:33:57]} {[%emt 00:00:12]} a6 {[%clk
01:30:13]} {[%emt 00:01:08]} 14. a4 {[%clk 01:34:13]} {[%emt 00:00:13]} Ng6
{[%clk 01:25:14]} {[%emt 00:05:29]} 15. b5 {[%clk 01:31:58]} {[%emt 00:02:46]}
axb5 {[%clk 01:25:29]} {[%emt 00:00:14]} 16. axb5 {[%clk 01:32:21]} {[%emt
00:00:06]} Bg4 {[%clk 01:14:21]} {[%emt 00:11:38]} 17. Bxe4 {[%clk 01:26:43]}
{[%emt 00:06:08]} dxe4 {[%clk 01:14:36]} {[%emt 00:00:16]} 18. Nd2 {[%clk
01:27:05]} {[%emt 00:00:09]} f5 {[%clk 01:09:11]} {[%emt 00:05:54]} 19. bxc6
{[%clk 01:15:16]} {[%emt 00:12:19]} bxc6 {[%clk 01:09:35]} {[%emt 00:00:05]}
20. Rfc1 {[%clk 01:15:00]} {[%emt 00:00:46]} Qg5 {[%clk 01:06:17]} {[%emt
00:03:46]} 21. Nf1 {[%clk 01:08:19]} {[%emt 00:07:14]} h5 {[%clk 00:59:14]}
{[%emt 00:07:31]} 22. Kh1 {[%clk 00:55:59]} {[%emt 00:12:51]} h4 {[%clk
00:53:30]} {[%emt 00:06:14]} 23. Nd2 {[%clk 00:48:41]} {[%emt 00:07:49]} c5
{[%clk 00:37:47]} {[%emt 00:16:12]} 24. dxc5 {[%clk 00:31:39]} {[%emt
00:17:32]} Ne5 {[%clk 00:37:20]} {[%emt 00:00:55]} 25. h3 {[%clk 00:30:24]}
{[%emt 00:01:48]} Bh5 {[%clk 00:33:15]} {[%emt 00:04:33]} 26. Rf1 {[%clk
00:27:25]} {[%emt 00:03:29]} Rac8 {[%clk 00:31:00]} {[%emt 00:02:45]} 27. Nb3
{[%clk 00:18:17]} {[%emt 00:09:41]} Nd3 {[%clk 00:29:07]} {[%emt 00:02:21]} 28.
Nd5 {[%clk 00:14:11]} {[%emt 00:04:37]} Bf7 {[%clk 00:23:41]} {[%emt 00:05:53]}
29. Nf4 {[%clk 00:12:53]} {[%emt 00:01:51]} Nxf4 {[%clk 00:21:06]} {[%emt
00:03:05]} 30. exf4 {[%clk 00:13:22]} Qxf4 {[%clk 00:21:27]} {[%emt 00:00:08]}
31. Rfc1 {[%clk 00:11:11]} {[%emt 00:02:41]} Kh8 {[%clk 00:21:07]} {[%emt
00:00:50]} 32. Na5 {[%clk 00:09:21]} {[%emt 00:02:21]} Red8 {[%clk 00:19:10]}
{[%emt 00:02:24]} 33. Rb2 {[%clk 00:07:56]} {[%emt 00:01:58]} Rd5 {[%clk
00:14:45]} {[%emt 00:04:52]} 34. Nb7 {[%clk 00:07:40]} {[%emt 00:00:48]} Rc7
{[%clk 00:14:21]} {[%emt 00:00:52]} 35. Rd1 {[%clk 00:07:01]} {[%emt 00:01:11]}
Qe5 {[%clk 00:12:45]} {[%emt 00:02:04]} 36. Rdb1 {[%clk 00:04:52]} {[%emt
00:02:42]} Be8 {[%clk 00:11:45]} {[%emt 00:01:28]} 37. Qb3 {[%clk 00:04:34]}
{[%emt 00:00:49]} Bc6 {[%clk 00:09:37]} {[%emt 00:02:34]} 38. Nd6 {[%clk
00:05:02]} {[%emt 00:00:06]} Kh7 {[%clk 00:07:42]} {[%emt 00:02:24]} 39. Qb6
{[%clk 00:05:04]} {[%emt 00:00:30]} Qe7 {[%clk 00:07:05]} {[%emt 00:01:04]} 40.
Rc1 {[%clk 00:05:00]} {[%emt 00:00:37]} Ba8 {[%clk 00:06:13]} {[%emt 00:01:20]}
41. Rbc2 {[%clk 00:04:04]} {[%emt 00:01:28]} Qd7 {[%clk 00:04:33]} {[%emt
00:02:03]} 42. Qb4 {[%clk 00:24:11]} {[%emt 00:10:30]} Qc6 {[%clk 00:23:20]}
{[%emt 00:11:38]} 43. Rc4 {[%clk 00:21:23]} {[%emt 00:03:23]} Bb7 {[%clk
00:18:18]} {[%emt 00:05:32]} 44. Nxb7 {[%clk 00:19:39]} {[%emt 00:02:15]} Rxb7
{[%clk 00:18:02]} {[%emt 00:00:45]} 45. Qe1 {[%clk 00:19:55]} {[%emt 00:00:14]}
g5 {[%clk 00:17:48]} {[%emt 00:00:43]} 46. Qe3 {[%clk 00:19:17]} {[%emt
00:01:09]} Kg6 {[%clk 00:16:21]} {[%emt 00:01:55]} 47. Qc3 {[%clk 00:19:16]}
{[%emt 00:00:34]} Qf6 {[%clk 00:14:40]} {[%emt 00:02:06]} 48. Qa5 {[%clk
00:14:32]} {[%emt 00:05:18]} Rbd7 {[%clk 00:14:20]} {[%emt 00:00:49]} 49. Qa4
{[%clk 00:13:54]} {[%emt 00:01:10]} Rc7 {[%clk 00:10:21]} {[%emt 00:04:24]} 50.
c6 {[%clk 00:13:06]} {[%emt 00:01:23]} Qd6 {[%clk 00:10:30]} {[%emt 00:00:18]}
51. Qb3 {[%clk 00:10:06]} {[%emt 00:03:32]} Rd3 {[%clk 00:10:38]} {[%emt
00:00:22]} 52. Qa4 {[%clk 00:09:46]} {[%emt 00:00:50]} Rd2 {[%clk 00:10:57]}
{[%emt 00:00:09]} 53. R4c2 {[%clk 00:09:28]} {[%emt 00:00:51]} Rxc2 54. Rxc2
Qd1+ {[%clk 00:10:43]} {[%emt 00:00:02]} 55. Kh2 {[%clk 00:10:18]} {[%emt
00:00:03]} Qd6+ {[%clk 00:10:19]} {[%emt 00:00:53]} 56. Kg1 {[%clk 00:10:43]}
{[%emt 00:00:08]} Qd1+ {[%clk 00:10:38]} {[%emt 00:00:09]} 57. Kh2 {[%clk
00:11:09]} {[%emt 00:00:04]} Kf6 {[%clk 00:10:15]} {[%emt 00:00:49]} 58. Qc4
{[%clk 00:10:47]} {[%emt 00:00:57]} Qd6+ {[%clk 00:10:23]} {[%emt 00:00:21]}
59. Kg1 {[%clk 00:11:15]} {[%emt 00:00:03]} Qd1+ {[%clk 00:07:41]} {[%emt
00:03:12]} 60. Kh2 {[%clk 00:11:39]} {[%emt 00:00:05]} Qd6+ {[%clk 00:08:04]}
{[%emt 00:00:07]} 1/2-1/2